000
00252nam a2200109Ia 4500
999
_c
9600
_d
9600
020
_a
978-0133970777
100
_a
Elmasri, Navathe
245
0
_a
Fundamentals Of Database Systems
260
_a
India
_b
Tata McGraw Hill
_c
1997
300
_a
431
942
_c
BK